| Tag |
First Indicator |
Second Indicator |
Subfields |
| LEADER |
00000cam a2200000 4500 |
| 001 |
in00000079608 |
| 005 |
20151008052913.0 |
| 008 |
720210s1965 ncu b 00000 eng u |
| 010 |
|
|
|a 65025600
|
| 035 |
|
|
|a (OCoLC)00237959
|
| 035 |
|
|
|9 AAH5383AM
|
| 040 |
|
|
|c WSU
|d TXA
|d UtOrBLW
|
| 049 |
|
|
|a TXAM
|c [459822]
|
| 050 |
|
0 |
|a HE9803.A4
|b T5
|
| 092 |
|
|
|a 353.008777
|b T369a
|
| 100 |
1 |
|
|a Thayer, Frederick C.
|
| 245 |
1 |
0 |
|a Air transport policy and National security ;
|b a political, economic, and military analysis /
|c by Frederick C. Thayer, Jr.
|
| 264 |
|
1 |
|a Chapel Hill :
|b University of North Carolina Press,
|c [1965]
|
| 300 |
|
|
|a 352 pages
|
| 336 |
|
|
|a text
|b txt
|2 rdacontent
|
| 337 |
|
|
|a unmediated
|b n
|2 rdamedia
|
| 338 |
|
|
|a volume
|b nc
|2 rdacarrier
|
| 504 |
|
|
|a Bibliography: pages 319-338.
|
| 650 |
|
0 |
|a Aeronautics and state
|z United States.
|
| 650 |
|
0 |
|a Airlines
|z United States.
|
| 650 |
|
0 |
|a Aeronautics, Military
|z United States.
|
| 999 |
|
|
|a MARS
|
| 999 |
f |
f |
|s ca927bcc-92f2-3ae1-b90e-4d3e8b678c15
|i a63d7ede-d36a-3faf-9ea6-beaac9072d74
|t 0
|
| 952 |
f |
f |
|p ric
|a Texas A&M University
|b Rellis Campus
|c Joint Library Facility
|d Remote Storage
|t 0
|e HE9803.A4 T5
|h Library of Congress classification
|i unmediated -- volume
|m A14800799363
|
| 998 |
f |
f |
|a HE9803.A4 T5
|t 0
|l Remote Storage
|